000 00619nam a2200205 4500
001 116020
003 ES-MaACL
005 20230906190621.0
007 t|
008 061121s1969 sp r ||||1| spa d
100 1 _aOvidio Nasón, Publio.
_988013
245 1 0 _aMetamorfosis /
_cPulbio Ovidio Nason ; texto revisado y traducido por Antonio Ruíz de Elvira.
250 _aEd. Bilingüe.
260 _aBarcelona :
_bAlma Mater,
_c1969.
300 _a238 p. ;
_c22 cm.
505 8 _aContiene: Vol. II.
700 1 _aRuiz de Elvira, Antonio.
_9186519
852 _aES-MaACL
_jP-1284
_bR.90538
999 _c116020
_d116020